000 01050nam a2200301 a 4500
001 69585
003 BD-RjUL
005 20211209081914.0
008 170412s1999 gw a 001 0 eng d
020 _a3540533710
035 _a(BD-RjUL)69797
040 _aI9W
_beng
_epn
_cI9W
_dGW5XE
_dOCLCF
_dBD-RjUL
041 _aeng
082 0 4 _a515.353
_223
_bPAR 1999
245 1 0 _aPartial Differential Equations V :
_bAsymptotic Methods for Partial Differential Equations /
_cedited by M.V. Fedoryuk.
260 _aHeidelberg ;
_bSpringer Berlin Heidelberg ;
_bImprint :
_bSpringer,
_c1999.
300 _a[4], 247 p. :
_bill. ;
_c24 cm
490 1 _aEncyclopaedia of Mathematical Sciences,
_v34
500 _aIncludes Indexes
650 0 _aDifferential equations, Partial
_9206109
650 0 _aGlobal analysis (Mathematics)
_9206110
655 4 _aElectronic books.
_9129485
700 _aFedoryuk, M. V.
_9206111
830 0 _aEncyclopaedia of mathematical sciences ;
_vv. 34.
_9209288
942 _2ddc
_cBK
999 _c69585
_d69585